00459nam a2200169Ia 450000500170000000800410001702000150005808200220007310000190009524500610011426000400017530000250021565000160024065000120025665000090026865000120027720250312045230.0240331s9999 xx 000 0 und d a0415053730 a301.01bYOU25439 aYoung, R. J. C 0aColonial Desires:bHybridity in Theory, Culture and Race aNew York;aLondon,bRoutledgec1995 axiii, 236 p., (C II) aColonialism aCulture aRace aHistory